Catálogo
 En Linea

Guía de anécdotas, cuentos, crónicas y leyendas d la Ciudad Colonial de Santo Domingo / (Registro nro. 38029)

Detalles MARC
000 -CABECERA
campo de control de longitud fija 00588nam a2200169 a 4500
001 - NÚMERO DE CONTROL
campo de control 000038539
005 - FECHA Y HORA DE LA ÚLTIMA TRANSACCIÓN
campo de control 20201002031305.0
008 - DATOS DE LONGITUD FIJA--INFORMACIÓN GENERAL
campo de control de longitud fija 130412s2011 dr ac r 000 0 spa d
040 ## - FUENTE DE LA CATALOGACIÓN
Centro catalogador/agencia de origen DO-SdBNP
Lengua de catalogación spa
Centro/agencia transcriptor BNPHU
082 ## - NÚMERO DE LA CLASIFICACIÓN DECIMAL DEWEY
Número de clasificación xxxx
Número de documento/Ítem S211g
100 1# - ENTRADA PRINCIPAL--NOMBRE DE PERSONA
Nombre de persona Sánchez Fernández, Kin
9 (RLIN) 64878
245 10 - MENCIÓN DE TÍTULO
Título Guía de anécdotas, cuentos, crónicas y leyendas d la Ciudad Colonial de Santo Domingo /
Mención de responsabilidad, etc. Kin Sánchez Fernández.
260 ## - PUBLICACIÓN, DISTRIBUCIÓN, ETC.
Lugar de publicación, distribución, etc. Santo Domingo :
Nombre del editor, distribuidor, etc. Clúster Turistico,
Fecha de publicación, distribución, etc. 2011.
300 ## - DESCRIPCIÓN FÍSICA
Extensión 103 p. :
Otras características físicas il., retrs. ;
Dimensiones 20 cm.
500 ## - NOTA GENERAL
Nota general Texto a dos columnas
590 ## - NOTA LOCAL (RLIN)
Nota local Inventariado, 2018/BT
Existencias
Estado de retiro Estado de pérdida No para préstamo Código de colección Localización permanente Ubicación/localización actual Ubicación en estantería Fecha de adquisición Número de inventario Total de préstamos Signatura topográfica completa Código de barras Fecha visto por última vez Número de copia Precio válido a partir de Tipo de ítem Koha Restricciones de uso
    Excluido de préstamo Dominicana de Servicio General General Depósito 12.04.2013 LF1   xxxx S211g 38539-30 25.06.2020 e. 3 25.06.2020 Libro y Folleto Colección Dominicana de Servicio  
      Dominicana de Servicio General General Depósito 09.10.2018 LF1   xxxx S211g 38539-40 25.06.2020 e. 4 25.06.2020 Libro y Folleto Colección Dominicana de Servicio  
      Patrimonio Dominicano General General Orden iniciada 12.04.2013 LF1   xxxx S211g 38540-30 25.06.2020   25.06.2020 Libro y Folleto Colección Patrimonio Dominicano  
    Excluido de préstamo Patrimonio Dominicano Patrimonio Dominicano Patrimonio Dominicano Depósito 12.04.2013 LF1   xxxx S211g 38539-10 25.06.2020   25.06.2020 Libro y Folleto Colección Patrimonio Dominicano  
    Excluido de préstamo Patrimonio Dominicano Patrimonio Dominicano Patrimonio Dominicano Depósito 12.04.2013 LF1   xxxx S211g 38539-20 25.06.2020 e. 2 25.06.2020 Libro y Folleto Colección Patrimonio Dominicano  
      Patrimonio Dominicano Patrimonio Dominicano Patrimonio Dominicano Orden iniciada 12.04.2013 LF1   xxxx S211g 38540-10 25.06.2020   25.06.2020 Libro y Folleto Colección Patrimonio Dominicano  
      Patrimonio Dominicano Patrimonio Dominicano Patrimonio Dominicano Orden iniciada 12.04.2013 LF1   xxxx S211g 38540-20 25.06.2020   25.06.2020 Libro y Folleto Colección Patrimonio Dominicano  

Con tecnología Koha